|
|
|
|
| LEADER |
02027nam a2200481 i 4500 |
| 001 |
EBC4578542 |
| 003 |
MiAaPQ |
| 005 |
20200520144314.0 |
| 006 |
m o d | |
| 007 |
cr cnu|||||||| |
| 008 |
160803t20172017enk o 001 0 eng d |
| 020 |
|
|
|z 9781138933835
|
| 020 |
|
|
|z 9781315537177
|
| 020 |
|
|
|a 9781134989126 (e-book)
|
| 035 |
|
|
|a (MiAaPQ)EBC4578542
|
| 035 |
|
|
|a (Au-PeEL)EBL4578542
|
| 035 |
|
|
|a (CaPaEBR)ebr11233615
|
| 035 |
|
|
|a (OCoLC)953030135
|
| 040 |
|
|
|a MiAaPQ
|b eng
|e rda
|e pn
|c MiAaPQ
|d MiAaPQ
|
| 043 |
|
|
|a a------
|
| 050 |
|
4 |
|a RA525
|b .S86 2017
|
| 082 |
0 |
|
|a 362.1095
|2 23
|
| 100 |
1 |
|
|a Sun, Shirley Hsiao-Li,
|e author.
|
| 245 |
1 |
0 |
|a Socio-economics of personalized medicine in Asia /
|c Shirley Sun.
|
| 264 |
|
1 |
|a Oxfordshire, [England] ;
|a New York, New York :
|b Routledge,
|c 2017.
|
| 264 |
|
4 |
|c 2017
|
| 300 |
|
|
|a 1 online resource (211 pages).
|
| 336 |
|
|
|a text
|2 rdacontent
|
| 337 |
|
|
|a computer
|2 rdamedia
|
| 338 |
|
|
|a online resource
|2 rdacarrier
|
| 490 |
1 |
|
|a Routledge Studies in the Sociology of Health and Illness
|
| 500 |
|
|
|a Includes index.
|
| 588 |
|
|
|a Description based on print version record.
|
| 590 |
|
|
|a Electronic reproduction. Ann Arbor, MI : ProQuest, 2016. Available via World Wide Web. Access may be limited to ProQuest affiliated libraries.
|
| 650 |
|
0 |
|a Personalized medicine
|x Social aspects
|z Asia.
|
| 650 |
|
0 |
|a Personalized medicine
|x Economic aspects
|z Asia.
|
| 650 |
|
0 |
|a Social medicine
|z Asia.
|
| 650 |
|
0 |
|a Medical economics
|z Asia.
|
| 655 |
|
4 |
|a Electronic books.
|
| 776 |
0 |
8 |
|i Print version:
|a Sun, Shirley Hsiao-Li.
|t Socio-economics of personalized medicine in Asia.
|d Oxfordshire, [England] ; New York, New York : Routledge, c2017
|h xii, 198 pages
|k Routledge studies in the sociology of health and illness.
|z 9781138933835
|w 2016005951
|
| 797 |
2 |
|
|a ProQuest (Firm)
|
| 830 |
|
0 |
|a Routledge studies in the sociology of health and illness.
|
| 856 |
4 |
0 |
|u https://ebookcentral.proquest.com/lib/matrademy/detail.action?docID=4578542
|z Click to View
|